University Home | Library Home | Institutional Repository

Comparative analysis of curriculum systems / (Record no. 189194)

MARC details
000 -LEADER
fixed length control field 00864cam2a220025300 4500
001 - CONTROL NUMBER
control field qce01686100
005 - DATE AND TIME OF LATEST TRANSACTION
control field 20190830111250.0
008 - FIXED-LENGTH DATA ELEMENTS--GENERAL INFORMATION
fixed length control field 820929s1967 ilu 000 0 eng
010 ## - LIBRARY OF CONGRESS CONTROL NUMBER
LC control number 72076301
035 ## - SYSTEM CONTROL NUMBER
System control number (Sirsi) r113440
035 ## - SYSTEM CONTROL NUMBER
System control number (QCAT)lss04002386
035 ## - SYSTEM CONTROL NUMBER
System control number (UPRA)qce01686100
040 ## - CATALOGING SOURCE
Modifying agency UPRA
050 0# - LIBRARY OF CONGRESS CALL NUMBER
Classification number LA133.B35 1967
100 1# - MAIN ENTRY--PERSONAL NAME
Personal name Beauchamp, George A., 1912-
Dates associated with a name Beauchamp, George A., 1912-
Linkage A75380.1
245 10 - TITLE STATEMENT
Title Comparative analysis of curriculum systems /
Statement of responsibility, etc. [by] George A. Beauchamp [and] Kathryn E. Beauchamp.
260 ## - PUBLICATION, DISTRIBUTION, ETC.
Place of publication, distribution, etc. Wilmette, IL :
Name of publisher, distributor, etc. Kagg Press,
Date of publication, distribution, etc. 1967.
504 ## - BIBLIOGRAPHY, ETC. NOTE
Bibliography, etc. note Includes bibliographical references.
650 #0 - SUBJECT ADDED ENTRY--TOPICAL TERM
Topical term or geographic name entry element Comparative education.
Linkage S22693.1
650 #0 - SUBJECT ADDED ENTRY--TOPICAL TERM
Topical term or geographic name entry element Education.
Linkage S3595.1
700 1# - ADDED ENTRY--PERSONAL NAME
Personal name Beauchamp, Kathryn E.
Linkage A75381.1
949 ## - LOCAL PROCESSING INFORMATION (OCLC)
a LA133.B35 1967
w lcc
i -162671
m MAIN
t BOOK
l ON-SHELF

No items available.

© 2026 - The University of Zambia Library - Koha v25.11